[Event "Mazowiec-chT 1415"]
[Site "Warsaw"]
[Date "2015.03.01"]
[Round "6.1"]
[White "Wojtaszewski, Piotr"]
[Black "Jaskowski, Piotr"]
[Result "0-1"]
[WhiteElo "2006"]
[BlackElo "1842"]
[PlyCount "82"]
[EventDate "2015.01.11"]
[EventType "team-tourn"]
[EventRounds "7"]
[EventCountry "POL"]
[SourceTitle "EXT 2019"]
[Source "ChessBase"]
[SourceDate "2018.10.10"]
[SourceVersion "1"]
[SourceVersionDate "2018.10.10"]
[SourceQuality "1"]

1. c4 f5 2. Nc3 Nf6 3. g3 e5 4. Bg2 Be7 5. e3 d6 6. Nge2 0-0 7. 0-0 c6 8. d4 Qc7 9. b4 Be6 10. d5 Bf7 11. Qb3 Nbd7 12. a4 a5 13. b5 c5 14. Qc2 Bg6 15. f4 e4 16. Bb2 Ng4 17. Nd1 h5 18. h3 Nh6 19. Nf2 Bf6 20. g4 Bxb2 21. Qxb2 hxg4 22. hxg4 Nxg4 23. Nxg4 fxg4 24. Ng3 Rae8 25. Qe2 Nf6 26. Kf2 Qd7 27. Rh1 Bf5 28. Rh2 g6 29. Rah1 b6 30. Qb2 Qg7 31. Kg1 Kf7 32. Rh6 Rh8 33. Rxh8 Rxh8 34. Rxh8 Qxh8 35. Bxe4 Qh4 36. Qg2 Bxe4 37. Nxe4 Qe1+ 38. Kh2 Qxe3 39. Nxf6 Qxf4+ 40. Kg1 Kxf6 41. Qe2 Qg3+ 0-1

[Event "Mazowiec-chT 1415"]
[Site "Warsaw"]
[Date "2015.02.08"]
[Round "2.8"]
[White "Jaskowski, Piotr"]
[Black "Czapla, Andrzej"]
[Result "1/2-1/2"]
[WhiteElo "1842"]
[BlackElo "1891"]
[PlyCount "123"]
[EventDate "2015.01.11"]
[EventType "team-tourn"]
[EventRounds "7"]
[EventCountry "POL"]
[SourceTitle "EXT 2019"]
[Source "ChessBase"]
[SourceDate "2018.10.10"]
[SourceVersion "1"]
[SourceVersionDate "2018.10.10"]
[SourceQuality "1"]

1. e4 c6 2. d4 d5 3. exd5 cxd5 4. c4 Nf6 5. Nc3 g6 6. Nf3 Bg7 7. Bf4 0-0 8. c5 Ne4 9. h3 b6 10. cxb6 Nxc3 11. bxc3 axb6 12. Be2 Ba6 13. 0-0 Nc6 14. Re1 e6 15. Qd2 Na5 16. Reb1 Bxe2 17. Qxe2 Nc4 18. Nd2 Nxd2 19. Bxd2 Qc7 20. Rb3 Rfb8 21. g3 Qc6 22. h4 h5 23. Bf4 Rb7 24. Rab1 Ra5 25. R1b2 Kh7 26. Bd2 Ra4 27. Kf1 Rc4 28. Qf3 Kg8 29. Rb5 Ra4 30. Kg2 Ra6 31. R5b4 Rba7 32. Bg5 Bf8 33. R4b3 Be7 34. Be3 Bd8 35. Bh6 Qd6 36. Rb5 Kh7 37. Bg5 Kg7 38. Bf4 Qe7 39. Qe2 Bc7 40. Bg5 f6 41. Be3 Qd7 42. c4 dxc4 43. Qxc4 Ra4 44. Qc2 e5 45. d5 Rxa2 46. Bxb6 Rxb2 47. Qxb2 Rb7 48. Qb4 Bxb6 49. Rxb6 Qxd5+ 50. Kh2 Rxb6 51. Qxb6 Qd7 52. Kg2 f5 53. Qc5 Qe8 54. Qd6 e4 55. Kg1 Qf7 56. Kg2 Kh7 57. Kg1 Qa7 58. Qe5 Qb7 59. Kh2 Qg7 60. Qe6 Qc7 61. Qf6 Qa7 62. Kg2 1/2-1/2

[Event "Mazowiec-chT 1415"]
[Site "Warsaw"]
[Date "2015.01.11"]
[Round "1.7"]
[White "Jaskowski, Piotr"]
[Black "Markiewicz, Michal"]
[Result "1-0"]
[WhiteElo "1842"]
[BlackElo "1588"]
[PlyCount "69"]
[EventDate "2015.01.11"]
[EventType "team-tourn"]
[EventRounds "7"]
[EventCountry "POL"]
[SourceTitle "EXT 2019"]
[Source "ChessBase"]
[SourceDate "2018.10.10"]
[SourceVersion "1"]
[SourceVersionDate "2018.10.10"]
[SourceQuality "1"]

1. e4 c5 2. Nc3 d6 3. d3 Nf6 4. g3 Nc6 5. Bg2 e6 6. f4 Qc7 7. Nf3 a6 8. a4 d5 9. 0-0 d4 10. Ne2 Bd7 11. c3 Qb6 12. h3 h5 13. Kh1 Be7 14. Qe1 dxc3 15. Nxc3 Nd4 16. Qf2 0-0-0 17. Ne5 Be8 18. Be3 Qc7 19. Rfd1 Kb8 20. b4 Nc2 21. Qxc2 cxb4 22. Qf2 bxc3 23. Ba7+ Ka8 24. Bb6 Qc8 25. Bxd8 Bxd8 26. Nc4 Qc6 27. Qd4 Bc7 28. Rdc1 h4 29. Ne5 Bxe5 30. fxe5 Nh5 31. Rxc3 Nxg3+ 32. Kh2 Qd7 33. Qb6 Kb8 34. Rac1 Ne2 35. Rc7 1-0

[Event "Mazowiec-chT op"]
[Site "Poland"]
[Date "2014.11.16"]
[Round "5.3"]
[White "Jaskowski, Piotr"]
[Black "Liszkiewicz, Slawomir"]
[Result "1-0"]
[WhiteElo "1842"]
[BlackElo "1717"]
[PlyCount "81"]
[EventDate "2014.10.05"]
[EventType "team-tourn"]
[EventRounds "10"]
[EventCountry "POL"]
[SourceTitle "EXT 2019"]
[Source "ChessBase"]
[SourceDate "2018.10.10"]
[SourceVersion "1"]
[SourceVersionDate "2018.10.10"]
[SourceQuality "1"]

1. e4 e5 2. Nc3 Bc5 3. Bc4 Nf6 4. d3 h6 5. Nge2 Nc6 6. h3 a6 7. f4 d6 8. f5 b5 9. Bb3 Nd4 10. Nxd4 Bxd4 11. Qf3 Bb7 12. Qg3 Qe7 13. Ne2 Bb6 14. Bd2 a5 15. a4 b4 16. Qxg7 Rh7 17. Qg3 0-0-0 18. Rh2 d5 19. exd5 Rg8 20. Qh4 Nxd5 21. Qxe7 Nxe7 22. g4 h5 23. f6 Nd5 24. g5 Be3 25. h4 Kd7 26. 0-0-0 Re8 27. Ng3 Bf4 28. Bxf4 exf4 29. Ne4 Ne3 30. Re1 Bxe4 31. dxe4 Rxe4 32. Rd2+ Kc8 33. c3 c5 34. Bc2 Rc4 35. Bxh7 bxc3 36. bxc3 Rxa4 37. Bb1 Ra1 38. g6 Nc4 39. gxf7 Rxb1+ 40. Kxb1 Nxd2+ 41. Kc2 1-0

[Event "Mazowiec-chT op 2013"]
[Site "Poland"]
[Date "2013.10.27"]
[Round "6.2"]
[White "Jaskowski, Piotr"]
[Black "Wegrzyn, Adam"]
[Result "1-0"]
[WhiteElo "1833"]
[BlackElo "2218"]
[PlyCount "67"]
[EventDate "2013.09.29"]
[EventType "team-swiss"]
[EventRounds "10"]
[EventCountry "POL"]
[SourceTitle "EXT 2019"]
[Source "ChessBase"]
[SourceDate "2018.10.10"]
[SourceVersion "1"]
[SourceVersionDate "2018.10.10"]
[SourceQuality "1"]

1. e4 c5 2. Nc3 Nc6 3. g3 g6 4. Bg2 Bg7 5. d3 d6 6. Be3 Rb8 7. Qd2 b5 8. Nge2 Nd4 9. 0-0 e6 10. Rae1 Qa5 11. f4 Ne7 12. g4 b4 13. Nd1 f5 14. Ng3 fxg4 15. f5 gxf5 16. Bg5 Nf3+ 17. Bxf3 gxf3 18. exf5 Bd4+ 19. Kh1 f2 20. Nxf2 Bb7+ 21. Kg1 Bd5 22. Qe2 h5 23. h4 Rb7 24. Kh2 Be5 25. fxe6 Nf5 26. Nfh1 Nd4 27. Qd1 Bxh1 28. Rxh1 Nxe6 29. Qf3 Qc7 30. Rxe5 dxe5 31. Qf6 Ng7 32. Nf5 Rg8 33. Nd6+ Kd7 34. Nxb7 1-0

[Event "Mazowiec-chT op 2013"]
[Site "Poland"]
[Date "2013.10.06"]
[Round "4.22"]
[White "Jaskowski, Piotr"]
[Black "Jachimiak, Wojciech"]
[Result "1-0"]
[WhiteElo "1833"]
[BlackElo "1880"]
[PlyCount "79"]
[EventDate "2013.09.29"]
[EventType "team-swiss"]
[EventRounds "10"]
[EventCountry "POL"]
[SourceTitle "EXT 2019"]
[Source "ChessBase"]
[SourceDate "2018.10.10"]
[SourceVersion "1"]
[SourceVersionDate "2018.10.10"]
[SourceQuality "1"]

1. Nf3 d5 2. g3 c5 3. Bg2 Nc6 4. d3 e5 5. Nbd2 Nf6 6. 0-0 Be7 7. e4 d4 8. Nc4 Qc7 9. Ng5 h6 10. Nh3 b5 11. Na3 Rb8 12. f4 Bg4 13. Qe1 Bd6 14. fxe5 Nxe5 15. Nb1 c4 16. Nf2 Be6 17. Nd2 0-0 18. Nf3 Qb6 19. Bf4 Nfd7 20. Qc1 Kh7 21. Nxd4 Qxd4 22. Be3 Nxd3 23. cxd3 Qf6 24. d4 Qg6 25. Nh3 f6 26. Qc2 Bxg3 27. hxg3 Bxh3 28. Bxh3 Qxg3+ 29. Qg2 Qxe3+ 30. Kh1 Rfd8 31. Bf5+ Kg8 32. Rf3 Qxd4 33. Rg1 g5 34. Qh2 Kg7 35. Bxd7 Qxd7 36. Rxf6 Rh8 37. Rgf1 Rbe8 38. Qh5 Rh7 39. Qg6+ Kh8 40. Rf8+ 1-0

[Event "Warsaw-ch opB 66th"]
[Site "Warsaw"]
[Date "2013.05.15"]
[Round "5"]
[White "Jaskowski, Piotr"]
[Black "Wrabel, Antoni"]
[Result "1-0"]
[WhiteElo "1826"]
[BlackElo "1701"]
[PlyCount "77"]
[EventDate "2013.05.11"]
[EventType "swiss"]
[EventRounds "9"]
[EventCountry "POL"]
[SourceTitle "CBM 154 Extra"]
[Source "ChessBase"]
[SourceDate "2013.06.25"]
[SourceVersion "2"]
[SourceVersionDate "2013.06.25"]
[SourceQuality "1"]

1. e4 e5 2. Nc3 d6 3. f4 Nc6 4. Nf3 Nf6 5. Bb5 Bg4 6. 0-0 a6 7. Bxc6+ bxc6 8. fxe5 dxe5 9. h3 Bxf3 10. Qxf3 Be7 11. d3 Rb8 12. Rb1 0-0 13. Be3 Qd7 14. Qg3 Qe6 15. Rf5 Nd7 16. b3 Kh8 17. Rbf1 g6 18. Bh6 Bf6 19. Bxf8 Rxf8 20. R5f3 Qe7 21. Qf2 Kg7 22. Na4 c5 23. g3 h5 24. Nxc5 Nxc5 25. Rxf6 Ne6 26. Kg2 Nf4+ 27. Rxf4 exf4 28. Qxf4 f6 29. e5 f5 30. d4 g5 31. Qf3 g4 32. hxg4 hxg4 33. Qf4 Qd8 34. c4 Kg6 35. e6 c6 36. Rh1 Rh8 37. e7 Qg8 38. Qe5 Rxh1 39. e8Q+ 1-0

[Event "Warsaw-ch opB 66th"]
[Site "Warsaw"]
[Date "2013.05.13"]
[Round "3"]
[White "Jaskowski, Piotr"]
[Black "Herman, Monika"]
[Result "1-0"]
[WhiteElo "1826"]
[BlackElo "1693"]
[PlyCount "59"]
[EventDate "2013.05.11"]
[EventType "swiss"]
[EventRounds "9"]
[EventCountry "POL"]
[SourceTitle "CBM 154 Extra"]
[Source "ChessBase"]
[SourceDate "2013.06.25"]
[SourceVersion "2"]
[SourceVersionDate "2013.06.25"]
[SourceQuality "1"]

1. e4 e5 2. Nf3 Nc6 3. Bb5 d6 4. 0-0 Bd7 5. c3 Nf6 6. Re1 g6 7. d4 exd4 8. cxd4 Bg7 9. Bxc6 bxc6 10. e5 dxe5 11. dxe5 Nd5 12. Bg5 Qb8 13. Nc3 Nxc3 14. bxc3 Qc8 15. Bf6 0-0 16. Qd4 Be6 17. Qh4 h6 18. Nd4 g5 19. Qg3 Qd7 20. h4 g4 21. Rad1 Bf5 22. Qf4 Bg6 23. h5 Bh7 24. Bxg7 Kxg7 25. Qf6+ Kg8 26. Nxc6 Bd3 27. Ne7+ Kh7 28. Rxd3 Qxd3 29. Nf5 Qxf5 30. Qxf5+ 1-0

[Event "Ketrzyn op-B 12th"]
[Site "Ketrzyn"]
[Date "2009.12.28"]
[Round "3"]
[White "Czajkowski, Adam"]
[Black "Jaskowski, Piotr"]
[Result "1-0"]
[WhiteElo "1732"]
[BlackElo "1831"]
[PlyCount "42"]
[EventDate "2009.12.27"]
[EventType "swiss"]
[EventRounds "9"]
[EventCountry "POL"]
[SourceTitle "EXT 2011"]
[Source "ChessBase"]
[SourceDate "2010.11.26"]
[SourceVersion "1"]
[SourceVersionDate "2010.11.26"]
[SourceQuality "1"]

1. e4 d6 2. d4 Nf6 3. Nc3 g6 4. g3 Bg7 5. Bg2 0-0 6. Nge2 Na6 7. 0-0 e5 8. h3 Nh5 9. g4 Nf6 10. dxe5 dxe5 11. Qxd8 Rxd8 12. Be3 c6 13. Rad1 Re8 14. Rd2 Be6 15. Rfd1 h5 16. g5 Nh7 17. h4 f5 18. exf5 gxf5 19. f4 Nf8 20. fxe5 Bxe5 21. Bf4 Bd7 1-0

[Event "Mazowiec-chT op"]
[Site "Mazowsze"]
[Date "2009.05.17"]
[Round "10"]
[White "Jaskowski, Piotr"]
[Black "Piotrowski, Arkadiusz"]
[Result "0-1"]
[WhiteElo "1868"]
[BlackElo "1921"]
[PlyCount "166"]
[EventDate "2009.01.11"]
[EventType "team-tourn"]
[EventRounds "10"]
[EventCountry "POL"]
[SourceTitle "EXT 2013"]
[Source "ChessBase"]
[SourceDate "2012.11.22"]
[SourceVersion "1"]
[SourceVersionDate "2012.11.22"]
[SourceQuality "1"]

1. e4 c6 2. d4 d5 3. exd5 cxd5 4. Nf3 Nf6 5. h3 Nc6 6. c3 Bf5 7. Na3 e6 8. Nc2 Bd6 9. Ne3 Be4 10. h4 h6 11. Bd3 Qb6 12. Bxe4 Nxe4 13. Nd2 Nxd2 14. Qxd2 Qa6 15. g3 f5 16. f4 Kd7 17. b4 g5 18. Ng2 gxf4 19. Nxf4 Rag8 20. Qf2 Qc4 21. Qf3 Bxb4 22. cxb4 Nxd4 23. Qd3 Nc2+ 24. Kd1 Nxa1 25. Qxc4 dxc4 26. Bb2 Rh7 27. Nh5 Kc6 28. Nf6 Rd8+ 29. Kc1 Rg7 30. Bxa1 Rxg3 31. Re1 Kb5 32. Nh5 Rg2 33. Nf4 Rxa2 34. Bc3 Rg8 35. Nxe6 b6 36. Nd4+ Ka4 37. Kb1 Rf2 38. Re7 Rg1+ 39. Be1 c3 40. Rxa7+ Kxb4 41. Re7 Rd2 42. Nf3 Rb2+ 43. Kc1 Rf1 44. Re3 Ra2 45. Ne5 Kc5 46. Rxc3+ Kd4 47. Nf3+ Kd5 48. Kd1 Rh1 49. Rb3 Kc5 50. Rc3+ Kd6 51. Rd3+ Kc7 52. Rc3+ Kb7 53. Rd3 Rf1 54. Re3 f4 55. Rb3 Ka6 56. Nd2 Ra1+ 57. Nb1 f3 58. Kd2 f2 59. Bxf2 Rxf2+ 60. Ke3 Rh2 61. Rb4 Rh3+ 62. Kf2 Ra2+ 63. Kg1 Ka5 64. Rd4 Ra1 65. Kg2 Rb3 66. Nd2 Ra2 67. Kf1 Rh3 68. Kg1 Rc3 69. Kf1 Rc1+ 70. Ke2 Rcc2 71. Ke3 Rxd2 72. Rxd2 Rxd2 73. Kxd2 Kb4 74. Kc2 Ka3 75. Kb1 b5 76. h5 Kb3 77. Ka1 Kc3 78. Kb1 b4 79. Ka2 Kc2 80. Ka1 Kb3 81. Kb1 Ka3 82. Ka1 b3 83. Kb1 b2 0-1

[Event "Ostroda op 5th"]
[Site "Ostroda"]
[Date "2008.08.07"]
[Round "6.2"]
[White "Zarebski, Cezary"]
[Black "Jaskowski, Piotr"]
[Result "1-0"]
[WhiteElo "2036"]
[BlackElo "1868"]
[PlyCount "203"]
[EventDate "2008.08.04"]
[EventType "swiss"]
[EventRounds "9"]
[EventCountry "POL"]
[SourceTitle "EXT 2023"]
[Source "ChessBase"]
[SourceDate "2022.10.05"]
[SourceVersion "1"]
[SourceVersionDate "2022.10.05"]
[SourceQuality "1"]

1. e4 e5 2. Nf3 Nf6 3. Nxe5 d6 4. Nf3 Nxe4 5. d4 d5 6. Bd3 Bd6 7. Nbd2 0-0 8. 0-0 f5 9. c4 c6 10. Ne5 Be6 11. cxd5 Bxd5 12. Ndc4 Bc7 13. Ne3 Nd7 14. Nxd5 cxd5 15. f4 Bb6 16. Nf3 Rf6 17. Qb3 Nf8 18. Be3 Ne6 19. Rad1 Qd6 20. g3 Rc8 21. Bb1 g6 22. a3 Rff8 23. Ne5 Kg7 24. Ba2 Rcd8 25. Qd3 a6 26. Kg2 Ba7 27. Nf3 Qb6 28. b4 Nc7 29. Rc1 Qd6 30. Rc2 Bb6 31. Rfc1 Rfe8 32. Ne5 Rc8 33. Qb3 Red8 34. Qd3 Qe6 35. Qb3 Qd6 36. Nf3 h6 37. Ne5 Qe6 38. a4 Qd6 39. Nc6 Re8 40. Ne5 Qe7 41. a5 Ba7 42. Qa4 Nd6 43. Kf3 Ndb5 44. Bxd5 Rb8 45. Ba2 Qd6 46. Qb3 Re7 47. d5 Bxe3 48. Kxe3 Rd8 49. Rd2 Ne8 50. Rcd1 Nf6 51. Kf3 Ne4 52. Rd3 g5 53. Nc4 g4+ 54. Kg2 Qb8 55. Qb2+ Kh7 56. Nb6 Nbd6 57. Qd4 Qc7 58. Qb2 Rde8 59. Rc1 Qd8 60. Rc2 Rc7 61. Bb3 Ree7 62. Nc4 Qc8 63. Nb6 Qd8 64. Nc4 Qc8 65. Ne5 h5 66. Rd1 Rc3 67. Rxc3 Qxc3 68. Qxc3 Nxc3 69. Rc1 Ne2 70. Rd1 Nc3 71. Rd3 Ncb5 72. Ba4 Nc7 73. Bb3 Kg7 74. Kf1 Ncb5 75. Ba4 Nc7 76. Rc3 Kh7 77. Rd3 Kg7 78. Rd1 Nce8 79. Rc1 Nc7 80. Bb3 Kf6 81. Ba4 Kg7 82. Kg1 Nxd5 83. Rd1 Nc3 84. Rxd6 Nxa4 85. Rg6+ Kh7 86. Rf6 Nc3 87. Rxf5 Kh6 88. Rf6+ Kh7 89. Rd6 Na2 90. Rd4 Rc7 91. Rd7+ Rxd7 92. Nxd7 Nxb4 93. Nc5 Nc6 94. Nxb7 Kg6 95. Kf2 Kf6 96. Ke3 Kf5 97. Nd6+ Ke6 98. Nb7 Kf5 99. Kd3 Ne7 100. Kc4 Ng6 101. Nd6+ Kf6 102. Kd5 1-0